| 000 | 00609nam a2200205 a 4500 | ||
|---|---|---|---|
| 999 |
_c9718 _d9718 |
||
| 001 | 97189718 | ||
| 003 | BD-JhCC | ||
| 005 | 20180322183938.0 | ||
| 008 | 180322s1986 bg |||| ||a| 000 0 b d | ||
| 035 | _a(BD-JhCC)9718 | ||
| 040 |
_aBD-JhCC _dBD-JhCC |
||
| 041 | _aben | ||
| 082 |
_a320 _bAHS 1986 |
||
| 245 |
_aআগ্রাসন ও দেশের জনগ্ণ / _cআহসানুল্লাহ |
||
| 260 |
_aঢাকা: _bলায়ন্স পাবলিকেশন্স; _c1986. |
||
| 300 |
_a230 p. : _c21 cm. |
||
| 651 | _aPolitical science | ||
| 942 |
_2ddc _cBK |
||